000
00289nam a22001337a 4500
008
260105b ||||| |||| 00| 0 eng d
020
_a
97899515/8301
041
_a
eng
080
_a
659
100
_a
24
101
_a
media
245
_a
Etosi i Humbur
_c
Gjylie Rexha
942
_2
lcc
_c
BK
999
_c
60747
_d
60747